Ergodic theory and statistical mechanics

Αποθηκεύτηκε σε:
Λεπτομέρειες βιβλιογραφικής εγγραφής
Κύριος συγγραφέας: Moulin Ollagnier, Jean 1950-
Μορφή: Βιβλίο
Γλώσσα:English
Δημοσίευση: Berlin : Springer-Verlag, c1985
Σειρά:Lecture notes in mathematics (Springer-Verlag) ; 1115
Θέματα:
Ετικέτες: Προσθήκη ετικέτας
Δεν υπάρχουν, Καταχωρήστε ετικέτα πρώτοι!

MARC

LEADER 00000nam a2200000 i 4500
001 1/62442
008 941103s1985 eng d
020 |a 3-540-15192-3 
035 |a 1993  |l 10046616 
040 |a GR-MY-UA  |b gre  |e aacr 
041 0 |a eng 
082 0 |a 515.42 
100 1 |a Moulin Ollagnier, Jean  |d 1950- 
245 1 0 |a Ergodic theory and statistical mechanics /  |c Jean Moulin Ollagnier 
260 |a Berlin :   |b Springer-Verlag,   |c c1985 
300 |a vi, 147 p.;  |c 25 cm. 
490 1 |a Lecture notes in mathematics (Springer-Verlag)  |v ; 1115 
500 |a Includes bibliography and index 
650 0 0 |a Ergodic theory. 
650 0 0 |a Statistical mechanics. 
650 0 0 |a Topological dynamics. 
830 0 |a Lecture notes in mathematics (Springer-Verlag)  |v ; 1115 
852 |a INST  |b SAMOS  |e 19941103  |h 515.42 MOU  |p 005300006981  |q 005300006981  |t BK  |y 0 
909 |a Σ  |b 029005